Central Library OPAC University of Rajshahi

Topics in cost accounting and decisions / (Record no. 13995)

MARC details
000 -LEADER
fixed length control field 00761cam a22002651 4500
001 - CONTROL NUMBER
control field 13995
003 - CONTROL NUMBER IDENTIFIER
rucl marc code BD-RjUL
005 - DATE AND TIME OF LATEST TRANSACTION
control field 20211208235543.0
008 - FIXED-LENGTH DATA ELEMENTS--GENERAL INFORMATION
fixed length control field 140203s1963 nyua b 001 0 eng
035 ## - SYSTEM CONTROL NUMBER
System control number (BD-RjUL)14047
System control number (OCoLC)244785
040 ## - CATALOGING SOURCE
Original cataloging agency DLC
Transcribing agency ODaWU
Modifying agency OCoLC
-- Uk
-- DLC
-- BD-RjUL
Language of cataloging eng
041 ## - LANGUAGE CODE
Language code of text/sound track or separate title eng
082 ## - DEWEY DECIMAL CLASSIFICATION NUMBER
Classification number 657.4
Author mark and year BIT 1963
100 1# - MAIN ENTRY--PERSONAL NAME
Personal name Bierman, Harold.
9 (RLIN) 43751
245 10 - TITLE STATEMENT
Title Topics in cost accounting and decisions /
Statement of responsibility, etc. Harold Bierman
260 ## - PUBLICATION, DISTRIBUTION, ETC. (IMPRINT)
Place of publication, distribution, etc. New York :
Name of publisher, distributor, etc. McGraw-Hill,
Date of publication, distribution, etc. c1963.
300 ## - PHYSICAL DESCRIPTION
Pagination 210 p. :
Illustrations ill. ;
Size 24 cm.
504 ## - BIBLIOGRAPHY, ETC. NOTE
Bibliography, etc Includes bibliography and index.
650 #0 - SUBJECT ADDED ENTRY--TOPICAL TERM
Topical term or geographic name as entry element Cost accounting.
9 (RLIN) 43752
Topical term or geographic name as entry element Capital investments.
9 (RLIN) 43753
942 ## - ADDED ENTRY ELEMENTS (KOHA)
Source of classification or shelving scheme Dewey Decimal Classification
Koha item type Books
Holdings
Lost status Source of classification or shelving scheme Damaged status Not for loan Collection code Permanent Location Current Location Shelving location Date acquired Source of acquisition Cost, normal purchase price Total Checkouts Full call number Date last seen Copy number Koha item type
  Dewey Decimal Classification     Non-fiction Central Library, University of Rajshahi Central Library, University of Rajshahi   01/09/1964 Zeitlinger 54.00   657.4 BIT 1963 03/02/2014 C-5 Books
  Dewey Decimal Classification     Non-fiction Central Library, University of Rajshahi Central Library, University of Rajshahi   01/09/1964 Zeithlinger. 54.00   657.4 BIT 1963 09/02/2014 C-2 Books
  Dewey Decimal Classification     Non-fiction Central Library, University of Rajshahi Central Library, University of Rajshahi   24/10/1965 Zeitlinger 116.00   657.4 BIT 1963 10/02/2014 C-6 Books
  Dewey Decimal Classification   Not For Loan Non-fiction Central Library, University of Rajshahi Central Library, University of Rajshahi Reading Room 24/10/1965 Zeitlinger 116.00   657.4 BIT 1963 31/03/2019 C-1 Books
  Dewey Decimal Classification     Non-fiction Central Library, University of Rajshahi Central Library, University of Rajshahi   01/09/1964 Zeitlinger 54.00   657.4 BIT 1963 06/04/2019 C-3 Books
  Dewey Decimal Classification     Non-fiction Central Library, University of Rajshahi Central Library, University of Rajshahi   01/09/1964 zeitlinger 54.00   657.4 BIT 1963 06/04/2019 C-7 Books
  Dewey Decimal Classification     Non-fiction Central Library, University of Rajshahi Central Library, University of Rajshahi   01/09/1964 zeitlinger 54.00   657.4 BIT 1963 06/04/2019 C-8 Books